<?xml version="1.0" encoding="UTF-8"?>
<record
    xmlns:xsi="http://www.w3.org/2001/XMLSchema-instance"
    xsi:schemaLocation="http://www.loc.gov/MARC21/slim http://www.loc.gov/standards/marcxml/schema/MARC21slim.xsd"
    xmlns="http://www.loc.gov/MARC21/slim">

  <leader>00487nam a22001457a 4500</leader>
  <datafield tag="999" ind1=" " ind2=" ">
    <subfield code="c">132649</subfield>
    <subfield code="d">132649</subfield>
  </datafield>
  <controlfield tag="005">20231212122913.0</controlfield>
  <controlfield tag="008">231212b           ||||| |||| 00| 0 eng d</controlfield>
  <datafield tag="040" ind1=" " ind2=" ">
    <subfield code="c">PK-LaUMT</subfield>
  </datafield>
  <datafield tag="082" ind1=" " ind2=" ">
    <subfield code="a">APC 297.4</subfield>
    <subfield code="b">RIA-D</subfield>
  </datafield>
  <datafield tag="100" ind1=" " ind2=" ">
    <subfield code="a">Riaz Ahmed Gohar Shahi = &#x631;&#x6CC;&#x627;&#x636; &#x627;&#x62D;&#x645;&#x62F; &#x6AF;&#x648;&#x6BE;&#x631; &#x634;&#x627;&#x6C1;&#x6CC;</subfield>
  </datafield>
  <datafield tag="245" ind1=" " ind2=" ">
    <subfield code="a">Din Ellahi  =&#x62F;&#x6CC;&#x646; &#x627;&#x644;&#x6C1;&#x6CC;&#x670; /</subfield>
    <subfield code="c">by Riaz Ahmed Gohar Shahi = &#x631;&#x6CC;&#x627;&#x636; &#x627;&#x62D;&#x645;&#x62F; &#x6AF;&#x648;&#x6BE;&#x631; &#x634;&#x627;&#x6C1;&#x6CC;</subfield>
  </datafield>
  <datafield tag="260" ind1=" " ind2=" ">
    <subfield code="a">NA :</subfield>
    <subfield code="b">Mehdi Foundation International,</subfield>
    <subfield code="c">NA</subfield>
  </datafield>
  <datafield tag="300" ind1=" " ind2=" ">
    <subfield code="a">84 p.</subfield>
  </datafield>
  <datafield tag="942" ind1=" " ind2=" ">
    <subfield code="c">BK</subfield>
  </datafield>
  <datafield tag="952" ind1=" " ind2=" ">
    <subfield code="0">0</subfield>
    <subfield code="1">0</subfield>
    <subfield code="4">0</subfield>
    <subfield code="7">0</subfield>
    <subfield code="a">01</subfield>
    <subfield code="b">01</subfield>
    <subfield code="d">2023-12-12</subfield>
    <subfield code="l">0</subfield>
    <subfield code="o">APC 297.4 RIA-D</subfield>
    <subfield code="p">145930</subfield>
    <subfield code="r">2023-12-12 00:00:00</subfield>
    <subfield code="w">2023-12-12</subfield>
    <subfield code="y">BK</subfield>
  </datafield>
</record>
